000 00596nam a2200193 4500
001 120327
003 ES-MaACL
005 20230906191525.0
007 t|
008 070214s1968 sp r ||||1| spa d
245 0 0 _aPoesía mariana medieval
_b: ( antología) /
_cintroducción, selección y notas de Joaquín Benito de Lucas.
260 _aMadrid :
_bTaurus,
_c1968.
300 _a150 p. ;
_c18 cm.
490 1 _aTemas de España
700 1 _aBenito de Lucas, Joaquín.
_927672
830 0 _aTemas de España
_9180759
852 _aES-MaACL
_jC-34832
_bR.67000
999 _c120327
_d120327